000 00420cam a2200169ua 4500
001 5041
008 120227n ii |||gr||||Z||||||eng
040 _cMAIN
082 _a823
100 _aEdel, Leon,
_eAuthor.,
245 1 1 _aPsychological novel (1900 to 1950)
_cby Leon Edel
250 _a1st.
260 _aLudhiana:
_bKalyani Publishers,
_c1997.
300 _a221p:
_c23cm.
653 _aEnglish fiction
942 _cBK
999 _c4225
_d4225